Henry and Mudge and the wild wind : (Record no. 2328)
[ view plain ]
| 000 -LEADER | |
|---|---|
| fixed length control field | 01164pam a2200313 a 4500 |
| 005 - DATE AND TIME OF LATEST TRANSACTION | |
| control field | 20240719092544.0 |
| 020 ## - INTERNATIONAL STANDARD BOOK NUMBER | |
| International Standard Book Number | 0027780147 |
| 020 ## - INTERNATIONAL STANDARD BOOK NUMBER | |
| International Standard Book Number | 9780689808388 |
| 040 ## - CATALOGING SOURCE | |
| Original cataloging agency | DLC |
| Transcribing agency | DLC |
| Modifying agency | DLC |
| Language of cataloging | eng |
| 050 00 - LIBRARY OF CONGRESS CALL NUMBER | |
| Classification number | PZ7.R982 |
| Item number | Heb 1993 |
| 082 00 - DEWEY DECIMAL CLASSIFICATION NUMBER | |
| Classification number | 028 |
| Edition number | 20 |
| 100 1# - MAIN ENTRY--PERSONAL NAME | |
| Personal name | Rylant, Cynthia |
| 245 10 - TITLE STATEMENT | |
| Title | Henry and Mudge and the wild wind : |
| Remainder of title | the twelfth book of their adventures / |
| Statement of responsibility, etc. | story by Cynthia Rylant ; pictures by Suçie Stevenson. |
| 250 ## - EDITION STATEMENT | |
| Edition statement | First Alladin Papervacks Edition, 1996 |
| 260 ## - PUBLICATION, DISTRIBUTION, ETC. | |
| Place of publication, distribution, etc. | New York : |
| Name of publisher, distributor, etc. | Bradbury Press ; |
| Place of publication, distribution, etc. | Toronto : |
| Name of publisher, distributor, etc. | Maxwell Macmillan Canada ; |
| Place of publication, distribution, etc. | New York : |
| Name of publisher, distributor, etc. | Maxwell Macmillan International, |
| Place of publication, distribution, etc. | New York : |
| Name of publisher, distributor, etc. | Aladdin Paperbacks, |
| Date of publication, distribution, etc. | 1993 |
| 300 ## - PHYSICAL DESCRIPTION | |
| Extent | 40 pages : |
| Other physical details | Illustrations |
| Dimensions | 23 cm |
| 490 ## - SERIES STATEMENT | |
| Series statement | The Henry and Mudge books |
| 505 ## - FORMATTED CONTENTS NOTE | |
| Formatted contents note | J<br/> |
| 520 ## - SUMMARY, ETC. | |
| Summary, etc. | Henry and his big dog Mudge try to keep busy inside the house during a thunderstorm. |
| 521 ## - TARGET AUDIENCE NOTE | |
| Target audience note | 490 <br/> |
| Source | Lexile <br/> |
| 521 ## - TARGET AUDIENCE NOTE | |
| Target audience note | J<br/> |
| Source | Raz-Plus |
| 650 #1 - SUBJECT ADDED ENTRY--TOPICAL TERM | |
| Topical term or geographic name entry element | Dogs |
| Form subdivision | Fiction. |
| 650 #1 - SUBJECT ADDED ENTRY--TOPICAL TERM | |
| Topical term or geographic name entry element | Thunderstorms |
| Form subdivision | Fiction. |
| 650 #1 - SUBJECT ADDED ENTRY--TOPICAL TERM | |
| Topical term or geographic name entry element | Fear |
| Form subdivision | Fiction. |
| 700 1# - ADDED ENTRY--PERSONAL NAME | |
| Personal name | Stevenson, Suçie |
| Relator term | illustrator |
| 906 ## - LOCAL DATA ELEMENT F, LDF (RLIN) | |
| a | 7 |
| b | cbc |
| c | orignew |
| d | 1 |
| e | ocip |
| f | 19 |
| g | y-gencatlg |
| 942 ## - ADDED ENTRY ELEMENTS (KOHA) | |
| Source of classification or shelving scheme | Dewey Decimal Classification |
| Koha item type | Books |
| Suppress in OPAC | No |
| 999 ## - | |
| -- | 2328 |
| -- | 2328 |
| Withdrawn status | Lost status | Source of classification or shelving scheme | Damaged status | Not for loan | Collection | Home library | Current library | Shelving location | Date acquired | Total Checkouts | Full call number | Barcode | Date last seen | Date last checked out | Copy number | Price effective from | Koha item type | Total Renewals |
|---|---|---|---|---|---|---|---|---|---|---|---|---|---|---|---|---|---|---|
| Dewey Decimal Classification | Juvenile Fiction | Footprints International School Library Network Toul Kork Campus | Footprints International School Library Network Toul Kork Campus | TK Primary Library Room(4th Floor), Bookcase 1&2, Shelves 1-16, Dark Blue Books | 11/17/2023 | 1 | RYL 028 PZ7.R982 | FISTK01196 | 11/27/2025 | 11/20/2025 | 1 | 11/17/2023 | Books | |||||
| Dewey Decimal Classification | Juvenile Fiction | Footprints International School Library Network Toul Kork Campus | Footprints International School Library Network Toul Kork Campus | 11/17/2023 | 1 | RYL 028 PZ7.R982 | FIS02889 | 12/01/2025 | 11/10/2025 | 2 | 11/17/2023 | Books | 1 |
